<?xml version="1.0" encoding="UTF-8"?>
<record
    xmlns:xsi="http://www.w3.org/2001/XMLSchema-instance"
    xsi:schemaLocation="http://www.loc.gov/MARC21/slim http://www.loc.gov/standards/marcxml/schema/MARC21slim.xsd"
    xmlns="http://www.loc.gov/MARC21/slim">

  <leader>00371nam a22001217a 4500</leader>
  <datafield tag="040" ind1=" " ind2=" ">
    <subfield code="c">RUA</subfield>
  </datafield>
  <datafield tag="082" ind1=" " ind2=" ">
    <subfield code="a">277  SOR 2107 C230 Or.</subfield>
  </datafield>
  <datafield tag="100" ind1=" " ind2=" ">
    <subfield code="a">&#x179B;&#x17B6;&#x179C;&#x200B; &#x179B;&#x17B6;&#x1784;&#x17A0;&#x17C3;&#x200B;&#x200B;&#x200B;,&#x1792;&#x17BF;&#x1793; &#x1794;&#x17CA;&#x17BB;&#x1793;&#x1792;&#x17C0;&#x1793;&#x200B;,&#x179F;&#x17CA; &#x178F;&#x17BC;&#x1798;&#x17C9;&#x17B6;</subfield>
  </datafield>
  <datafield tag="245" ind1=" " ind2=" ">
    <subfield code="a">&#x1782;&#x17D2;&#x179A;&#x1794;&#x17CB;&#x1782;&#x17D2;&#x179A;&#x1784;&#x1782;&#x17C6;&#x179A;&#x17C4;&#x1784;&#x200B;&#x1787;&#x1793;&#x1794;&#x1791;</subfield>
  </datafield>
  <datafield tag="260" ind1=" " ind2=" ">
    <subfield code="a">RUA</subfield>
    <subfield code="b">SOR</subfield>
    <subfield code="c">2017</subfield>
  </datafield>
  <datafield tag="300" ind1=" " ind2=" ">
    <subfield code="a">12p.</subfield>
  </datafield>
  <datafield tag="942" ind1=" " ind2=" ">
    <subfield code="c">KB</subfield>
  </datafield>
  <datafield tag="999" ind1=" " ind2=" ">
    <subfield code="c">19715</subfield>
    <subfield code="d">19715</subfield>
  </datafield>
  <datafield tag="952" ind1=" " ind2=" ">
    <subfield code="0">0</subfield>
    <subfield code="1">0</subfield>
    <subfield code="4">0</subfield>
    <subfield code="6">277_000000000000000_SOR_2017_C230_OR</subfield>
    <subfield code="7">0</subfield>
    <subfield code="9">86797</subfield>
    <subfield code="a">LBC</subfield>
    <subfield code="b">LBC</subfield>
    <subfield code="c">C230</subfield>
    <subfield code="d">2021-03-19</subfield>
    <subfield code="e">A062829</subfield>
    <subfield code="o">277  SOR 2017 C230 Or.</subfield>
    <subfield code="r">2021-03-19</subfield>
    <subfield code="y">KB</subfield>
  </datafield>
</record>
